000 00293nam a2200109Ia 4500
008 230907s9999||||xx |||||||||||||| ||und||
082 _a660.28
_bTHA
245 0 _aIntroduction to process engineering and design /
260 _aMcGraw-Hill,
_bNew Delhi :
_c2016
300 _a898 p.
942 _cBK
999 _c600314
_d600314